000 00737pam a2200229 a 4500
001 1070519
005 20180226032345.0
008 910606s1992 nyua 001 0 eng
010 _a 91023905
020 _a0671746960 (cloth) :
_c$27.95
020 _a0671746952 (Fireside : pbk.)
040 _aDLC
_cDLC
_dDLC
041 _aeng
080 _a595.7 RIC
082 0 0 _a595.7 RIC
_220
100 1 _a11
101 _aBIO
245 1 4 _aThe practical entomologist /
_cRick Imes.
906 _a7
_bcbc
_corignew
_d1
_eocip
_f19
_gy-gencatlg
942 _2ddc
_cBK
999 _c43384
_d43384